The relationship between bank portfolios and their costs and earnings; an econometric analysis of commercial banks in Singapore /
Saved in:
| Main Author: | |
|---|---|
| Format: | Thesis Book |
| Language: | English |
| Published: |
1970.
|
| Subjects: | |
| Tags: |
Add Tag
No Tags, Be the first to tag this record!
|
| LEADER | 01108cam a2200301 a 4500 | ||
|---|---|---|---|
| 001 | u115773 | ||
| 003 | SIRSI | ||
| 008 | 911010s1970 si v 00 1 eng m | ||
| 035 | |a AAM-7027 | ||
| 040 | |a UMM | ||
| 043 | |a a-si--- | ||
| 050 | |a HG3300.8 | ||
| 091 | |a Microfiches 276 | ||
| 090 | |a HG3300.8 |b A6Tan | ||
| 100 | 1 | 0 | |a Tan, Maureen. |
| 245 | 1 | 4 | |a The relationship between bank portfolios and their costs and earnings; an econometric analysis of commercial banks in Singapore / |c by, Maureen Tan. |
| 260 | |c 1970. | ||
| 300 | |a x, 130 leaves : |b ill. ; |c 28cm. | ||
| 500 | |a Microfiche (negative) Kuala Lumpur, University of malaya Library, 1973. 3 fiches. 11 x 15 cm. | ||
| 502 | |a Dissertation (M.S.S.) -- University of Singapore, 1970. | ||
| 504 | |a Bibliography: leaves 118-121. | ||
| 650 | 0 | |a Banks and banking |z Singapore. | |
| 650 | 0 | |a Banks and banking |x Costs. | |
| 650 | 0 | |a Merchant banks |z Singapore. | |
| 650 | 0 | |a Econometric models |z Singapore. | |
| 948 | |a 10/10/1991 |b 26/08/2002 | ||
| 596 | |a 1 | ||
| 999 | |a HG3300.8 A6TAN |w LC |c 1 |i A002703088 |d 14/9/1999 |l STACKS |m P01UTAMA |n 3 |r Y |s Y |t TESIS |u 10/10/1991 | ||
